Xây dựng bản đồ quan trắc mặn và đánh giá diễn biến mặn trên các mô hình canh tác tại vùng đệm và khu vực lân cận vùng đệm VQG U Minh Hạ - Cà Mau : Luận văn tốt nghiệp Cao học. Chuyên ngành Quản lý Tài nguyên và Môi trường
Xây dựng bản đồ quan trắc độ mặn phục vụ sản xuất nông, lâm nghiệp ngọt, mặn tại vùng đệm và khu vực lân cận vùng đệm VQG U Minh Hạ - tỉnh Cà Mau, góp phần nâng cao hiệu quả cho công tác ra quyết định điều tiết cống ngăn mặn và dẫn ngọ...
Shranjeno v:
| Glavni avtor: | |
|---|---|
| Format: | Knjiga |
| Jezik: | Undetermined |
| Izdano: |
Cần Thơ
Trường Đại học Cần Thơ
2019
|
| Teme: | |
| Oznake: |
Označite
Brez oznak, prvi označite!
|
| Thư viện lưu trữ: | Trung tâm Học liệu Trường Đại học Cần Thơ |
|---|
| LEADER | 01463nam a2200217Ia 4500 | ||
|---|---|---|---|
| 001 | CTU_231996 | ||
| 008 | 210402s9999 xx 000 0 und d | ||
| 082 | |a 333.911 | ||
| 082 | |b L431 | ||
| 088 | |a 8850101 | ||
| 100 | |a Nguyễn, Thành Long | ||
| 245 | 0 | |a Xây dựng bản đồ quan trắc mặn và đánh giá diễn biến mặn trên các mô hình canh tác tại vùng đệm và khu vực lân cận vùng đệm VQG U Minh Hạ - Cà Mau : | |
| 245 | 0 | |b Luận văn tốt nghiệp Cao học. Chuyên ngành Quản lý Tài nguyên và Môi trường | |
| 245 | 0 | |c Nguyễn Thành Long ; Lê Anh Tuấn (Cán bộ hướng dẫn) | |
| 260 | |a Cần Thơ | ||
| 260 | |b Trường Đại học Cần Thơ | ||
| 260 | |c 2019 | ||
| 520 | |a Xây dựng bản đồ quan trắc độ mặn phục vụ sản xuất nông, lâm nghiệp ngọt, mặn tại vùng đệm và khu vực lân cận vùng đệm VQG U Minh Hạ - tỉnh Cà Mau, góp phần nâng cao hiệu quả cho công tác ra quyết định điều tiết cống ngăn mặn và dẫn ngọt phù hợp với đối tượng cây trồng và nuôi trồng thủy sản. | ||
| 650 | |a Water quality management,Quản lý chất lượng nước | ||
| 910 | |b nthai | ||
| 980 | |a Trung tâm Học liệu Trường Đại học Cần Thơ | ||